<The> IBM PC AT programmer's guide

Gespeichert in:
Bibliographische Detailangaben
1. Verfasser: Smith, James T.
Format: Buch
Sprache:Englisch
Veröffentlicht: New York Prentice Hall Press 1986
Tags: Tag hinzufügen
Keine Tags, Fügen Sie das erste Tag hinzu!

MARC

LEADER 00000nam a2200000 4500
001 c103232
005 20041019155128.7
041 0 |a eng 
044 |a US 
245 1 0 |a <The> IBM PC AT programmer's guide  |c James T. Smith 
264 1 |a New York  |b Prentice Hall Press  |c 1986 
300 |a 277 s. 
100 1 |a Smith, James T.